[Event "DEM U12/U12w 2015"]
[Site "Willingen GER"]
[Date "2015.05.27"]
[Round "6"]
[White "Höfs, Cederik"]
[Black "Longo, Massimo"]
[Result "0-1"]
[Termination "normal"]
[Board "30"]
[WhiteElo "1377"]
[BlackElo "1628"]
[PlyCount "110"]
[WhiteFideId "16207653"]
[BlackFideId "16205227"]
[EventCountry "GER"]
[EventRounds "11"]
[EventType "swiss"]
[EventDate "2015.05.23"]

1. d4 d6 2. e4 Nf6 3. Nc3 e5 4. dxe5 dxe5 5. Qxd8+ Kxd8 6. Nf3 Bd6 7. Bg5 h6 8.
Bh4 Be6 9. O-O-O g5 10. Bg3 Nbd7 11. Bxe5 Nxe5 12. Nxe5 Ke7 13. Nd3 Nd7 14. Be2
c6 15. Kb1 Ne5 16. f3 Rad8 17. h3 Rd7 18. Nxe5 Bxe5 19. Rxd7+ Kxd7 20. Rd1+ Ke7
21. Na4 b6 22. b3 Rd8 23. Rxd8 Kxd8 24. Nb2 Ke7 25. Nd3 Kf6 26. Kc1 Bc3 27. Kd1
h5 28. Bf1 c5 29. f4 c4 30. fxg5+ Kxg5 31. Nc1 cxb3 32. axb3 Be5 33. Bd3 Kf4
34. Ne2+ Ke3 35. Ke1 Bd6 36. Kf1 Bxb3 37. Nc1 Be6 38. Ne2 Be5 39. Ke1 a5 40.
Nc1 a4 41. c4 Bb2 42. Bc2 Bxc1 43. Bxa4 Bxc4 44. Kd1 Ba3 45. Kc2 Kxe4 46. Kc3
b5 47. Bc2+ Kf4 48. Bd1 h4 49. Bf3 Kg3 50. Bc6 Bc5 51. Bf3 Bf1 52. Bd5 f5 53.
Bc6 b4+ 54. Kb3 Bxg2 55. Bxg2 Kxg2 0-1

[Event "DEM U12/U12w 2015"]
[Site "Willingen GER"]
[Date "2015.05.27"]
[Round "6"]
[White "Kublanov, Elizabeth"]
[Black "Khamenya, Vitalia"]
[Result "1/2-1/2"]
[Termination "normal"]
[Board "32"]
[WhiteElo "1563"]
[BlackElo "1570"]
[PlyCount "74"]
[WhiteFideId "12944564"]
[BlackFideId "12959260"]
[EventCountry "GER"]
[EventRounds "11"]
[EventType "swiss"]
[EventDate "2015.05.23"]

1. e4 c5 2. d4 cxd4 3. Qxd4 Nc6 4. Qe3 e6 5. Nc3 a6 6. Bd2 b5 7. O-O-O Bb4 8.
f4 Nge7 9. g4 Rb8 10. Nge2 Na5 11. Qd4 Bxc3 12. Bxc3 f6 13. g5 Nec6 14. Qf2 b4
15. Bd2 Qc7 16. Kb1 Qb7 17. Qf3 Nc4 18. Bg2 N6a5 19. gxf6 gxf6 20. Qh5+ Ke7 21.
Qh3 Qb5 22. Nd4 Qc5 23. Nb3 Nxb3 24. cxb3 Nxd2+ 25. Rxd2 Bb7 26. Qd3 Rhd8 27.
Rc1 Qb6 28. Qh3 Rh8 29. Re1 Rbd8 30. f5 e5 31. Qh4 d6 32. Rc1 Rd7 33. Qh3 Kf7
34. Qh5+ Ke7 35. Qh6 Kf7 36. Qh5+ Ke7 37. Qh6 Kf7 1/2-1/2

[Event "DEM U12/U12w 2015"]
[Site "Willingen GER"]
[Date "2015.05.27"]
[Round "6"]
[White "Stelljes, Fabian"]
[Black "Buller, Ian Joshua"]
[Result "1-0"]
[Termination "normal"]
[Board "33"]
[WhiteElo "1342"]
[BlackElo "1491"]
[PlyCount "61"]
[WhiteFideId "16201370"]
[BlackFideId "12990655"]
[EventCountry "GER"]
[EventRounds "11"]
[EventType "swiss"]
[EventDate "2015.05.23"]

1. e4 c5 2. Nf3 d6 3. d4 cxd4 4. Nxd4 Nf6 5. Nc3 g6 6. Be3 Bg7 7. f3 O-O 8. Qd2
Nc6 9. g4 Ne5 10. O-O-O Bd7 11. Kb1 Rc8 12. h3 a5 13. g5 Nh5 14. f4 Nc4 15.
Bxc4 Rxc4 16. Rhg1 a4 17. Qd3 Rc8 18. f5 Qa5 19. Bd2 Qa7 20. Be3 Qa8 21. Nd5
Rc5 22. Nxe7+ Kh8 23. f6 Nxf6 24. gxf6 Bxf6 25. Nd5 Bg7 26. Nb6 Qd8 27. Nxd7
Qxd7 28. Nf5 Rb5 29. Nxg7 Kxg7 30. Qd4+ Kg8 31. Bh6 1-0

[Event "DEM U12/U12w 2015"]
[Site "Willingen GER"]
[Date "2015.05.27"]
[Round "6"]
[White "Schnabel, Luise"]
[Black "Böttner, Oliver"]
[Result "1-0"]
[Termination "normal"]
[Board "34"]
[WhiteElo "1458"]
[BlackElo "1363"]
[PlyCount "89"]
[WhiteFideId "12943347"]
[BlackFideId "16208870"]
[EventCountry "GER"]
[EventRounds "11"]
[EventType "swiss"]
[EventDate "2015.05.23"]

1. e4 e5 2. Nf3 Nc6 3. Bc4 Bc5 4. O-O Nf6 5. d3 a6 6. c3 Ba7 7. Nbd2 d6 8. Bb3
O-O 9. h3 Be6 10. Re1 Na5 11. Bc2 c5 12. Nf1 b5 13. Ng3 h6 14. Nh2 Nc6 15. Qf3
Ne7 16. Nhf1 Ng6 17. Ne3 Qd7 18. a4 d5 19. exd5 Nxd5 20. Nef5 Nde7 21. Nxe7+
Qxe7 22. Qe2 c4 23. dxc4 Bxc4 24. Qh5 Qf6 25. Be3 Bxe3 26. Rxe3 Rae8 27. Ne4
Qc6 28. Nd2 Qxg2+ 29. Kxg2 Nf4+ 30. Kg1 Nxh5 31. Nxc4 bxc4 32. Rd1 Re6 33. Rd5
f6 34. Rc5 Rb8 35. Rxc4 g5 36. b4 Rd6 37. Rd3 Rxd3 38. Bxd3 Nf4 39. Bf5 Rd8 40.
Rc6 Kg7 41. Rxa6 Ne2+ 42. Kf1 Nxc3 43. b5 Rd1+ 44. Kg2 Ra1 45. b6 1-0

[Event "DEM U12/U12w 2015"]
[Site "Willingen GER"]
[Date "2015.05.27"]
[Round "6"]
[White "Creß, Bastian"]
[Black "Delgado, Celina"]
[Result "1/2-1/2"]
[Termination "normal"]
[Board "35"]
[WhiteElo "1387"]
[BlackElo "1153"]
[PlyCount "61"]
[WhiteFideId "16208846"]
[BlackFideId "12993735"]
[EventCountry "GER"]
[EventRounds "11"]
[EventType "swiss"]
[EventDate "2015.05.23"]

1. e4 e5 2. Nf3 Nc6 3. Bc4 Bc5 4. c3 Nf6 5. d4 exd4 6. cxd4 Bb4+ 7. Nc3 Nxe4 8.
O-O Bxc3 9. d5 Ne7 10. bxc3 d6 11. Re1 Nc5 12. Bg5 f6 13. Bh4 O-O 14. Qe2 Ng6
15. Bg3 Bg4 16. h3 Bh5 17. Bh2 Ne5 18. Bxe5 fxe5 19. g4 Bg6 20. Qe3 Ne4 21. Bf1
Qf6 22. Bg2 h5 23. g5 Qf7 24. Rf1 Qf4 25. c4 Qxe3 26. fxe3 Nc5 27. Nd2 Rxf1+
28. Kxf1 Kf7 29. e4 b6 30. Ke2 Bh7 31. h4 1/2-1/2

[Event "DEM U12/U12w 2015"]
[Site "Willingen GER"]
[Date "2015.05.27"]
[Round "6"]
[White "Pahl, Erik"]
[Black "Nguyen, Vanessa"]
[Result "1-0"]
[Termination "normal"]
[Board "36"]
[WhiteElo "1464"]
[BlackElo "923"]
[PlyCount "75"]
[WhiteFideId "16201272"]
[BlackFideId "12993492"]
[EventCountry "GER"]
[EventRounds "11"]
[EventType "swiss"]
[EventDate "2015.05.23"]

1. e4 e5 2. Nc3 Nc6 3. f4 exf4 4. Nf3 Nf6 5. e5 Ng8 6. d4 d5 7. Bxf4 Bg4 8. Bb5
Bxf3 9. Qxf3 a6 10. Bxc6+ bxc6 11. O-O c5 12. Bg5 Qd7 13. e6 Qxe6 14. Rae1 Qxe1
15. Rxe1+ Be7 16. Nxd5 f6 17. Nxf6+ gxf6 18. Bxf6 Nxf6 19. Qxf6 Kd7 20. Rxe7+
Kc8 21. Qxh8+ Kb7 22. Rxc7+ Kxc7 23. Qxa8 cxd4 24. Qxa6 h5 25. b4 Kd7 26. b5 d3
27. cxd3 h4 28. b6 h3 29. Qa7+ Kd6 30. b7 hxg2 31. b8=R Kd5 32. Qe7 Kd4 33.
Rd8+ Kc3 34. Qe2 Kb4 35. Rc8 Ka3 36. Rb8 Ka4 37. Qd2 Ka3 38. Qa5# 1-0

[Event "DEM U12/U12w 2015"]
[Site "Willingen GER"]
[Date "2015.05.27"]
[Round "6"]
[White "Bardorz, Jana"]
[Black "Ziegenfuß, Larissa"]
[Result "1/2-1/2"]
[Termination "normal"]
[Board "37"]
[WhiteElo "1263"]
[BlackElo "1574"]
[PlyCount "43"]
[WhiteFideId "16208897"]
[BlackFideId "12974722"]
[EventCountry "GER"]
[EventRounds "11"]
[EventType "swiss"]
[EventDate "2015.05.23"]

1. e4 c5 2. Nc3 e6 3. g3 Nc6 4. Bg2 Qc7 5. f4 d6 6. Nf3 Nf6 7. d3 Be7 8. O-O
O-O 9. d4 cxd4 10. Nxd4 Nxd4 11. Qxd4 a6 12. Qd1 b5 13. e5 Qc5+ 14. Kh1 Nd5 15.
Nxd5 exd5 16. Bxd5 Rb8 17. exd6 Bxd6 18. Re1 Bb7 19. Bxb7 Rxb7 20. Be3 Qc6+ 21.
Kg1 Bc5 22. Bxc5 1/2-1/2

[Event "DEM U12/U12w 2015"]
[Site "Willingen GER"]
[Date "2015.05.27"]
[Round "6"]
[White "Kirsten, Annika"]
[Black "Zell, Hannah"]
[Result "1/2-1/2"]
[Termination "normal"]
[Board "38"]
[WhiteElo "1267"]
[BlackElo "1224"]
[PlyCount "104"]
[WhiteFideId "12961124"]
[BlackFideId "16208900"]
[EventCountry "GER"]
[EventRounds "11"]
[EventType "swiss"]
[EventDate "2015.05.23"]

1. e4 e5 2. Nf3 Nc6 3. Bc4 Bc5 4. c3 Nf6 5. d3 h6 6. Nbd2 d6 7. O-O O-O 8. Re1
Ne7 9. Nf1 Ng6 10. Ng3 a6 11. d4 Ba7 12. h3 b5 13. Bb3 Bb7 14. Bc2 Re8 15. d5
Qd7 16. Nf5 Rad8 17. N3h4 Nxh4 18. Nxh4 c6 19. dxc6 Bxc6 20. Nf5 Bxe4 21. Bxe4
Nxe4 22. Nxh6+ gxh6 23. Rxe4 Qf5 24. Qg4+ Qxg4 25. Rxg4+ Kh7 26. Rh4 Re6 27.
Rg4 Rf6 28. Be3 Bxe3 29. fxe3 Rg8 30. Rxg8 Kxg8 31. Rf1 Rxf1+ 32. Kxf1 f5 33.
g4 fxg4 34. hxg4 Kf7 35. Kg2 Kf6 36. Kf3 d5 37. a3 Kg5 38. Kg3 h5 39. gxh5 Kxh5
40. Kf3 Kg5 41. Kg3 Kf5 42. Kf3 e4+ 43. Kg3 Ke5 44. Kg4 a5 45. b4 axb4 46. axb4
Kf6 47. Kf4 Ke6 48. Kg4 Ke5 49. Kg5 Ke6 50. Kg6 Ke5 51. Kg5 Ke6 52. Kg6 Ke5
1/2-1/2

[Event "DEM U12/U12w 2015"]
[Site "Willingen GER"]
[Date "2015.05.27"]
[Round "6"]
[White "Sinnhöfer, Lilian"]
[Black "Eulitz, Charlotte"]
[Result "0-1"]
[Termination "normal"]
[Board "39"]
[WhiteElo "1106"]
[BlackElo "1476"]
[PlyCount "144"]
[WhiteFideId "12977586"]
[BlackFideId "12964654"]
[EventCountry "GER"]
[EventRounds "11"]
[EventType "swiss"]
[EventDate "2015.05.23"]

1. e4 e5 2. Nf3 Nc6 3. d4 exd4 4. Nxd4 Nf6 5. Nxc6 bxc6 6. Bg5 h6 7. Bh4 g5 8.
Bg3 d5 9. exd5 cxd5 10. Bb5+ Bd7 11. Qe2+ Be7 12. O-O Rb8 13. Bxd7+ Qxd7 14. b3
O-O 15. Nd2 Rfe8 16. Qd3 Rb6 17. f4 Bc5+ 18. Bf2 Bxf2+ 19. Rxf2 Ng4 20. Rf3
Rbe6 21. h3 Re3 22. Rxe3 Nxe3 23. fxg5 hxg5 24. Re1 Qe7 25. Nf1 Qc5 26. Nxe3 d4
27. Kf2 dxe3+ 28. Rxe3 Rxe3 29. Qxe3 Qxc2+ 30. Kg3 Qf5 31. Kh2 Qa5 32. a4 Kg7
33. Qd4+ Kg6 34. Qe4+ Kg7 35. Qd4+ Kg6 36. h4 gxh4 37. Qxh4 Qe5+ 38. Kg1 Qe3+
39. Qf2 Qc1+ 40. Kh2 Qh6+ 41. Kg1 Qc1+ 42. Qf1 Qxf1+ 43. Kxf1 Kf5 44. Ke2 Kf4
45. Kf2 a5 46. g3+ Ke4 47. Ke2 c5 48. g4 Kf4 49. Kf2 Kxg4 50. Kg2 Kf4 51. Kf2
f5 52. Ke2 Kg3 53. Kd3 f4 54. Kc4 f3 55. Kxc5 f2 56. Kb5 f1=Q+ 57. Kxa5 Qf5+
58. Kb4 Qd5 59. a5 Kf4 60. a6 Ke4 61. Ka4 Qc6+ 62. Ka5 Kd4 63. a7 Qb7 64. Ka4
Qxa7+ 65. Kb5 Qb7+ 66. Ka4 Kc3 67. Ka5 Qxb3 68. Ka6 Kc4 69. Ka7 Kc5 70. Ka8 Kc6
71. Ka7 Qb6+ 72. Ka8 Qb7# 0-1

[Event "DEM U12/U12w 2015"]
[Site "Willingen GER"]
[Date "2015.05.27"]
[Round "6"]
[White "Fischer, Laura"]
[Black "Ewerhardy, Moritz"]
[Result "0-1"]
[Termination "normal"]
[Board "40"]
[WhiteElo "1207"]
[BlackElo "1337"]
[PlyCount "92"]
[WhiteFideId "16208935"]
[BlackFideId "36052086"]
[EventCountry "GER"]
[EventRounds "11"]
[EventType "swiss"]
[EventDate "2015.05.23"]

1. e4 c5 2. Nf3 d6 3. d4 cxd4 4. Nxd4 Nf6 5. Nc3 g6 6. Be3 Bg7 7. f3 O-O 8. Qd2
Nc6 9. Bc4 Qc7 10. Bb3 Nxd4 11. Bxd4 Bd7 12. Be3 a5 13. h4 Rfd8 14. O-O-O Bc6
15. g4 e6 16. Qh2 Qd7 17. e5 Nxg4 18. fxg4 Bxh1 19. Rxh1 Bxe5 20. Qh3 d5 21.
Ba4 Qc7 22. Bd2 Bxc3 23. Bxc3 Qf4+ 24. Kb1 Qxa4 25. h5 Qd7 26. hxg6 fxg6 27. g5
d4 28. Rd1 e5 29. Qd3 Qf5 30. Qc4+ Qf7 31. Qxf7+ Kxf7 32. Be1 Ke6 33. b3 Kf5
34. Bg3 Re8 35. Re1 Kxg5 36. Rh1 h5 37. Rg1 Kh6 38. Re1 e4 39. Bc7 Ra6 40. Kc1
d3 41. cxd3 Rc6+ 42. Kd2 Rxc7 43. dxe4 Rce7 44. Kd3 h4 45. Kd4 h3 46. Re3 Rxe4+
0-1

[Event "DEM U12/U12w 2015"]
[Site "Willingen GER"]
[Date "2015.05.27"]
[Round "6"]
[White "Basovskiy, Jana"]
[Black "Ortlepp, Klaudia"]
[Result "1-0"]
[Termination "normal"]
[Board "41"]
[WhiteElo "1367"]
[BlackElo "1243"]
[PlyCount "65"]
[WhiteFideId "16208617"]
[BlackFideId "16206045"]
[EventCountry "GER"]
[EventRounds "11"]
[EventType "swiss"]
[EventDate "2015.05.23"]

1. e4 e5 2. Nf3 Nc6 3. Bc4 Nf6 4. Ng5 d5 5. exd5 b5 6. Bb3 Nd4 7. O-O Nxb3 8.
axb3 Nxd5 9. d3 h6 10. Nf3 Bg4 11. h3 Bh5 12. Re1 Bd6 13. d4 Qf6 14. dxe5 Bxe5
15. Qxd5 O-O 16. Qxe5 Qxe5 17. Rxe5 Bg6 18. c3 Rad8 19. Nbd2 c6 20. Rxa7 Rd6
21. Ra6 Rc8 22. Nd4 f6 23. Re7 Kh8 24. Nxb5 Rdd8 25. Nd4 c5 26. Ne6 Rg8 27.
Raa7 Rc6 28. Nxg7 Rcc8 29. Nf3 Bc2 30. Bxh6 Rcd8 31. Kh2 Rc8 32. Nh5 Rcd8 33.
Bg7+ 1-0

[Event "DEM U12/U12w 2015"]
[Site "Willingen GER"]
[Date "2015.05.27"]
[Round "6"]
[White "Knape, Albert"]
[Black "Gutmann, Anna"]
[Result "1/2-1/2"]
[Termination "normal"]
[Board "42"]
[WhiteElo "1222"]
[BlackElo "1303"]
[PlyCount "61"]
[WhiteFideId "16208919"]
[BlackFideId "16208889"]
[EventCountry "GER"]
[EventRounds "11"]
[EventType "swiss"]
[EventDate "2015.05.23"]

1. e4 c5 2. Nf3 d6 3. d4 cxd4 4. Nxd4 Nf6 5. Nc3 g6 6. Be3 Bg7 7. Qd2 Ng4 8.
Bb5+ Bd7 9. Bxd7+ Qxd7 10. Nce2 Nxe3 11. Qxe3 O-O 12. c3 Nc6 13. O-O Rfc8 14.
Rfd1 Nxd4 15. Nxd4 b5 16. Rac1 a5 17. b3 Qb7 18. f3 Qb6 19. Kf2 Rab8 20. g3 Qc5
21. Ne2 Qh5 22. Kg2 Bh6 23. f4 Qc5 24. Qxc5 Rxc5 25. Rd5 Rd8 26. Rcd1 Rxd5 27.
Rxd5 Rb8 28. Nd4 b4 29. c4 Ra8 30. Nc6 Kf8 31. Rxa5 1/2-1/2

[Event "DEM U12/U12w 2015"]
[Site "Willingen GER"]
[Date "2015.05.27"]
[Round "6"]
[White "Zha, Kevin"]
[Black "Marzisch, Darius"]
[Result "0-1"]
[Termination "normal"]
[Board "43"]
[WhiteElo "1154"]
[BlackElo "1499"]
[PlyCount "108"]
[WhiteFideId "16208951"]
[BlackFideId "12997480"]
[EventCountry "GER"]
[EventRounds "11"]
[EventType "swiss"]
[EventDate "2015.05.23"]

1. e4 e5 2. Nf3 Nc6 3. d4 exd4 4. Nxd4 Nf6 5. Nc3 Bb4 6. Nxc6 dxc6 7. Qxd8+
Kxd8 8. Bd3 Re8 9. Bg5 Bxc3+ 10. bxc3 Re6 11. O-O Ke8 12. Rfe1 Kf8 13. Rad1 b5
14. a3 Bb7 15. e5 Rae8 16. f4 h6 17. Bxf6 gxf6 18. Bf5 R6e7 19. Bg4 fxe5 20.
fxe5 Rxe5 21. Rxe5 Rxe5 22. Kf2 Rd5 23. Rd3 Rxd3 24. cxd3 Ke7 25. c4 Ba6 26. c5
Kf6 27. d4 Kg5 28. Bd7 Bb7 29. Kf3 a5 30. Be8 f6 31. Bf7 Bc8 32. Be8 Bb7 33.
Bf7 f5 34. Be6 Kf6 35. Bb3 Bc8 36. a4 Be6 37. Bc2 Bd5+ 38. Kf2 b4 39. Ke2 b3
40. Bb1 Bxg2 41. Kd2 Be4 42. Bxe4 fxe4 43. d5 cxd5 44. h4 e3+ 45. Kxe3 b2 46.
h5 b1=Q 47. c6 Qb3+ 48. Kf4 d4 49. Ke4 d3 50. Ke3 Qc2 51. Kf3 d2 52. Kg4 d1=Q+
53. Kg3 Qdd3+ 54. Kh4 Qcc4# 0-1

[Event "DEM U12/U12w 2015"]
[Site "Willingen GER"]
[Date "2015.05.27"]
[Round "6"]
[White "Abele, Anais"]
[Black "Biermann, Sophie"]
[Result "1-0"]
[Termination "normal"]
[Board "44"]
[WhiteElo "1210"]
[BlackElo "1136"]
[PlyCount "85"]
[WhiteFideId "16208927"]
[BlackFideId "16208960"]
[EventCountry "GER"]
[EventRounds "11"]
[EventType "swiss"]
[EventDate "2015.05.23"]

1. e4 e5 2. Nf3 Nc6 3. Bb5 Nf6 4. O-O d6 5. Re1 a6 6. Bxc6+ bxc6 7. d4 Bb7 8.
dxe5 dxe5 9. Qxd8+ Rxd8 10. Nxe5 c5 11. f3 Bd6 12. Nc4 Be7 13. Nc3 O-O 14. Bf4
Bd6 15. e5 Nh5 16. Bg5 f6 17. exd6 fxg5 18. dxc7 Rc8 19. Re7 Rf6 20. Rd1 Nf4
21. Rd8+ Rf8 22. Nd6 Ng6 23. Nxc8 Nxe7 24. Nxe7+ Kf7 25. c8=Q Bxc8 26. Rxf8+
Kxf8 27. Nxc8 Ke8 28. Nd6+ Ke7 29. Nde4 h6 30. Nxc5 Kf6 31. Nxa6 Kf5 32. Kf2 h5
33. a4 g4 34. fxg4+ Kxg4 35. a5 h4 36. Nb4 h3 37. a6 hxg2 38. Kxg2 g5 39. a7
Kf4 40. a8=Q g4 41. Qe4+ Kg5 42. h3 Kh4 43. Qxg4# 1-0

[Event "DEM U12/U12w 2015"]
[Site "Willingen GER"]
[Date "2015.05.27"]
[Round "6"]
[White "Ruppert, Paula"]
[Black "Fuchs, Emily"]
[Result "1-0"]
[Termination "normal"]
[Board "46"]
[WhiteElo "1443"]
[BlackElo "946"]
[PlyCount "87"]
[WhiteFideId "12979996"]
[BlackFideId "16208986"]
[EventCountry "GER"]
[EventRounds "11"]
[EventType "swiss"]
[EventDate "2015.05.23"]

1. e4 e5 2. Nf3 Nc6 3. d4 exd4 4. Bc4 Nf6 5. e5 Ne4 6. O-O d5 7. Bb5 Bd7 8.
Nxd4 Bc5 9. Bxc6 bxc6 10. f3 Ng5 11. Be3 O-O 12. f4 Ne4 13. Nd2 Bc8 14. Nxe4
dxe4 15. Qd2 Be6 16. Qc3 Qd5 17. Rad1 Qc4 18. Qxc4 Bxc4 19. Rfe1 Rad8 20. Bf2
f5 21. b3 Bxd4 22. Rxd4 Be6 23. Red1 Rxd4 24. Rxd4 a5 25. Ra4 Ra8 26. b4 Rd8
27. Bc5 Bc4 28. bxa5 Rd1+ 29. Kf2 Bb5 30. Rd4 Rc1 31. Rd2 Kf7 32. Ba3 Rf1+ 33.
Kg3 h6 34. h4 Kg6 35. e6 Kf6 36. e7 Kf7 37. Rd8 c5 38. Bxc5 Re1 39. a6 e3 40.
Bb4 Rf1 41. a7 Bc6 42. a8=Q Bxa8 43. e8=Q+ Kf6 44. Bc3# 1-0

[Event "DEM U12/U12w 2015"]
[Site "Willingen GER"]
[Date "2015.05.27"]
[Round "7"]
[White "Li, Simon"]
[Black "Kopylov, Daniel"]
[Result "1-0"]
[Termination "normal"]
[Board "1"]
[WhiteElo "1907"]
[BlackElo "1812"]
[WhiteClock "00:43:34"]
[BlackClock "00:21:12"]
[PlyCount "51"]
[WhiteFideId "12972134"]
[BlackFideId "12921971"]
[EventCountry "GER"]
[EventRounds "11"]
[EventType "swiss"]
[EventDate "2015.05.23"]

1. e4 e6 2. d4 d5 3. Nc3 dxe4 4. Nxe4 Nd7 5. Nf3 Ngf6 6. Nxf6+ Nxf6 7. c3 c5 8.
Ne5 Bd7 9. Nxd7 Qxd7 10. Be3 Nd5 11. Qb3 a6 12. Bd3 Be7 13. O-O O-O 14. Rfe1
Nxe3 15. fxe3 h6 16. Rf1 Qd5 17. Qd1 Rad8 18. Qg4 Qg5 19. Qe4 g6 20. Rf3 Qd5
21. Qf4 e5 22. Qxh6 Rfe8 23. Bxg6 f6 24. Qh7+ Kf8 25. Qh8+ Qg8 26. Rxf6+ 1-0

[Event "DEM U12/U12w 2015"]
[Site "Willingen GER"]
[Date "2015.05.27"]
[Round "7"]
[White "Trifan, Andrei Ioan"]
[Black "Pajeken, Jakob Leon"]
[Result "1-0"]
[Termination "normal"]
[Board "2"]
[WhiteElo "1864"]
[BlackElo "1797"]
[WhiteClock "00:40:25"]
[BlackClock "00:23:38"]
[PlyCount "57"]
[WhiteFideId "12967068"]
[BlackFideId "12942839"]
[EventCountry "GER"]
[EventRounds "11"]
[EventType "swiss"]
[EventDate "2015.05.23"]

1. e4 e5 2. Nf3 Nc6 3. Bc4 Bc5 4. c3 Nf6 5. d4 exd4 6. cxd4 Bb4+ 7. Kf1 d5 8.
exd5 Nxd5 9. Nc3 Bxc3 10. bxc3 O-O 11. Ng5 Nf6 12. Ba3 Ng4 13. Bxf8 Qxg5 14.
Ba3 Bf5 15. h3 Nf6 16. Bd3 Be4 17. Bxe4 Nxe4 18. Qd3 Re8 19. Re1 Qf5 20. Qe3
Ng3+ 21. Qxg3 Qb5+ 22. Kg1 Rxe1+ 23. Kh2 Rxh1+ 24. Kxh1 Qa5 25. Bc5 Nd8 26. Qg5
Ne6 27. Qe7 Qb5 28. c4 Qc6 29. Ba3 1-0

[Event "DEM U12/U12w 2015"]
[Site "Willingen GER"]
[Date "2015.05.27"]
[Round "7"]
[White "Tong, Kevin"]
[Black "Stork, Oliver"]
[Result "1/2-1/2"]
[Termination "normal"]
[Board "3"]
[WhiteElo "2017"]
[BlackElo "1844"]
[WhiteClock "00:11:26"]
[BlackClock "00:11:15"]
[PlyCount "40"]
[WhiteFideId "12913944"]
[BlackFideId "12955728"]
[EventCountry "GER"]
[EventRounds "11"]
[EventType "swiss"]
[EventDate "2015.05.23"]

1. e4 c6 2. d4 d5 3. Nc3 dxe4 4. Nxe4 Bf5 5. Ng3 Bg6 6. f4 e6 7. Nf3 Nd7 8. Bd3
Bxd3 9. Qxd3 Bd6 10. O-O Ngf6 11. Bd2 O-O 12. Ne5 c5 13. Bc3 Rc8 14. Kh1 Qc7
15. Nxd7 Nxd7 16. dxc5 Nxc5 17. Qd4 f6 18. Ne4 Nxe4 19. Qxe4 Rfe8 20. Rad1 Rcd8
1/2-1/2

[Event "DEM U12/U12w 2015"]
[Site "Willingen GER"]
[Date "2015.05.27"]
[Round "7"]
[White "Dobrikov, Marco"]
[Black "Post, Hugo"]
[Result "1-0"]
[Termination "normal"]
[Board "4"]
[WhiteElo "1947"]
[BlackElo "1774"]
[WhiteClock "00:35:39"]
[BlackClock "00:08:58"]
[PlyCount "133"]
[WhiteFideId "12950378"]
[BlackFideId "12962490"]
[EventCountry "GER"]
[EventRounds "11"]
[EventType "swiss"]
[EventDate "2015.05.23"]

1. e4 c5 2. Nf3 Nc6 3. d4 cxd4 4. Nxd4 g6 5. c4 Bg7 6. Nc2 Nf6 7. Nc3 O-O 8.
Be2 d6 9. O-O Bd7 10. Be3 a6 11. Rb1 Rb8 12. f3 Ne5 13. Qd2 Qc7 14. Nd5 Nxd5
15. cxd5 Nc4 16. Bxc4 Qxc4 17. b3 Qc7 18. Nd4 Rfc8 19. Rfc1 Qd8 20. Rc4 Qf8 21.
Rbc1 h5 22. Qb4 Kh7 23. Rc7 Bxd4 24. Qxd4 Rxc7 25. Rxc7 Qd8 26. Qb6 Bc8 27. Bg5
f6 28. Bxf6 Bd7 29. Bg5 Kg8 30. Be3 Kf7 31. Rxb7 Qxb6 32. Rxb6 Rxb6 33. Bxb6
Bb5 34. Kf2 Bd3 35. Ke3 Bb1 36. a3 Bc2 37. b4 Ba4 38. g3 Bb5 39. h4 Bd7 40. Kf4
Kf6 41. Bd8 Bc8 42. Bb6 Bd7 43. Bd4+ Kf7 44. Kg5 Bb5 45. g4 hxg4 46. fxg4 Bd3
47. Kf4 Be2 48. a4 Kg8 49. Kg5 Bf3 50. e5 dxe5 51. Bxe5 Kf7 52. d6 exd6 53.
Bxd6 Bc6 54. b5 axb5 55. a5 Kg7 56. a6 Ba8 57. a7 Bb7 58. Bc5 Ba8 59. Kf4 Kf6
60. Ke3 Bc6 61. Kd4 Ke6 62. Bb4 Bh1 63. h5 gxh5 64. gxh5 Kf5 65. h6 Kg6 66. Bd2
b4 67. Kc4 1-0

[Event "DEM U12/U12w 2015"]
[Site "Willingen GER"]
[Date "2015.05.27"]
[Round "7"]
[White "Helmer, Jan"]
[Black "Suvorov, Alexander"]
[Result "0-1"]
[Termination "normal"]
[Board "5"]
[WhiteElo "1691"]
[BlackElo "1938"]
[WhiteClock "00:57:13"]
[BlackClock "00:06:09"]
[PlyCount "106"]
[WhiteFideId "12956686"]
[BlackFideId "12977063"]
[EventCountry "GER"]
[EventRounds "11"]
[EventType "swiss"]
[EventDate "2015.05.23"]

1. d4 d6 2. Nf3 g6 3. Nc3 Bg7 4. e4 Nd7 5. Be3 e5 6. dxe5 dxe5 7. Bc4 Ngf6 8.
Qd2 c6 9. O-O-O Qe7 10. h4 b5 11. Bd3 Ng4 12. Bg5 f6 13. Be3 Nxe3 14. Qxe3 h5
15. Nd2 Nc5 16. Qg3 Qf7 17. Kb1 Bh6 18. f3 Be6 19. Nb3 Nb7 20. Qf2 Qe7 21. g3
a5 22. Qb6 Rc8 23. Nxa5 Nxa5 24. Qxa5 Be3 25. Rdf1 O-O 26. Qa6 Qc5 27. Bxb5 Rf7
28. Be2 Ra7 29. Qd3 Rca8 30. a4 Bd4 31. f4 Rb7 32. Rf3 Rab8 33. b3 Bxb3 34.
cxb3 Rxb3+ 35. Kc2 Rxc3+ 36. Qxc3 Bxc3 37. Rxc3 Qb6 38. Bc4+ Kg7 39. Rc1 Qf2+
40. Kd1 Rb2 41. R3c2 Qd4+ 42. Ke1 Qxe4+ 43. Kd1 Qd4+ 44. Ke1 Rxc2 45. Rxc2 exf4
46. gxf4 Qa1+ 47. Ke2 Qxa4 48. Bd3 Qxf4 49. Rxc6 Qxh4 50. Rc7+ Kh6 51. Rf7 Qf4
52. Rf8 f5 53. Re8 h4 0-1

[Event "DEM U12/U12w 2015"]
[Site "Willingen GER"]
[Date "2015.05.27"]
[Round "7"]
[White "Heckmann, Till"]
[Black "Yankelevich, Michael"]
[Result "0-1"]
[Termination "normal"]
[Board "6"]
[WhiteElo "1527"]
[BlackElo "1810"]
[WhiteClock "00:21:01"]
[BlackClock "00:57:48"]
[PlyCount "52"]
[WhiteFideId "12987093"]
[BlackFideId "12921440"]
[EventCountry "GER"]
[EventRounds "11"]
[EventType "swiss"]
[EventDate "2015.05.23"]

1. e4 c5 2. Nc3 Nc6 3. g3 g6 4. Bg2 Bg7 5. d3 d6 6. Be3 e5 7. Qd2 Nge7 8. f4
Be6 9. Nf3 h6 10. O-O exf4 11. Bxf4 g5 12. Be3 O-O 13. h4 f6 14. e5 dxe5 15.
Bxc5 Rc8 16. Be3 Nf5 17. Bf2 Ncd4 18. Nxd4 Nxd4 19. Rac1 Bh3 20. Ne2 Bxg2 21.
Nxd4 Bxf1 22. Ne6 Qd5 23. Bc5 Qxe6 24. Bxf8 Bxf8 25. Rxf1 Qh3 26. Rxf6 Bc5+ 0-1

[Event "DEM U12/U12w 2015"]
[Site "Willingen GER"]
[Date "2015.05.27"]
[Round "7"]
[White "Weishäutel, Moritz"]
[Black "Röhr, Tobias"]
[Result "1-0"]
[Termination "normal"]
[Board "7"]
[WhiteElo "1963"]
[BlackElo "1742"]
[WhiteClock "00:49:10"]
[BlackClock "00:41:29"]
[PlyCount "81"]
[WhiteFideId "12967300"]
[BlackFideId "12963089"]
[EventCountry "GER"]
[EventRounds "11"]
[EventType "swiss"]
[EventDate "2015.05.23"]

1. e4 c5 2. Nf3 e6 3. d4 cxd4 4. Nxd4 Nc6 5. Nc3 Qc7 6. Be2 a6 7. O-O Nf6 8.
Be3 Be7 9. f4 d6 10. Qe1 Nxd4 11. Bxd4 b5 12. e5 Nd7 13. exd6 Bxd6 14. Ne4 Bxf4
15. g3 Bh6 16. Qf2 O-O 17. Bh5 f5 18. Nc5 e5 19. Ne6 Qd6 20. Nxf8 Qxf8 21. Be3
Bxe3 22. Qxe3 g6 23. Bf3 Rb8 24. Rad1 Qb4 25. Bd5+ Kg7 26. Be6 Qe7 27. Bxd7
Bxd7 28. Rxd7 Qxd7 29. Qxe5+ Kh6 30. Qxb8 Qd4+ 31. Rf2 Qd1+ 32. Kg2 Qd5+ 33.
Kh3 g5 34. Qf8+ Kg6 35. Qe8+ Kh6 36. b3 b4 37. Re2 g4+ 38. Kh4 f4 39. Qe6+ Qxe6
40. Rxe6+ Kg7 41. gxf4 1-0